000 00472nam a22001937a 4500
003 MPLRDC
005 20220104114625.0
008 210129b ||||| |||| 00| 0 eng d
020 _a962-04-0599-4
082 _a830.8 DZLY v.3
100 _a吴其敏
245 _a坐井集
_c
250 _a一版一刷
260 _a
_b三联书店有限公司
_c1987
300 _b
490 _a读者良友文库
650 _a中国文学总集
942 _cBK
_o830.8 DZLY v.3
999 _c8931
_d8921